| 000 -LEADER |
| fixed length control field |
00789nam a2200229Ia 4500 |
| 001 - CONTROL NUMBER |
| control field |
22755 |
| 003 - CONTROL NUMBER IDENTIFIER |
| control field |
GE_BSU |
| 005 - DATE AND TIME OF LATEST TRANSACTION |
| control field |
20220527130714.0 |
| 008 - FIXED-LENGTH DATA ELEMENTS--GENERAL INFORMATION |
| fixed length control field |
181216s2011||||gw |||||||||||||| ||gem|| |
| 020 ## - INTERNATIONAL STANDARD BOOK NUMBER |
| International Standard Book Number |
9783823366799 |
| 040 ## - CATALOGING SOURCE |
| Transcribing agency |
GE_BSU |
| 080 ## - UNIVERSAL DECIMAL CLASSIFICATION NUMBER |
| Universal Decimal Classification number |
81'25 S-86 |
| 100 ## - MAIN ENTRY--PERSONAL NAME |
| Personal name |
Stolze, Radegundis |
| 9 (RLIN) |
13862 |
| 245 ## - TITLE STATEMENT |
| Title |
Übersetzungstheorien : Eine Einführung. 6 Auflage |
| Remainder of title |
uberarbeitete und erweiterte Auflage. Narr Studienbucher / |
| Statement of responsibility, etc. |
Radegundis Stolze. |
| 264 ## - PRODUCTION, PUBLICATION, DISTRIBUTION, MANUFACTURE, AND COPYRIGHT NOTICE |
| Place of production, publication, distribution, manufacture |
Tubingen : |
| Name of producer, publisher, distributor, manufacturer |
Narr-Verlag, |
| Date of production, publication, distribution, manufacture, or copyright notice |
2011. |
| 300 ## - PHYSICAL DESCRIPTION |
| Extent |
311 p. ; |
| Other physical details |
24 cm. |
| 653 ## - INDEX TERM--UNCONTROLLED |
| keyword |
Narr Studienbucher |
| 653 ## - INDEX TERM--UNCONTROLLED |
| keyword |
Übersetzungstheorien: Eine Einführung. uberarbeitete und erweiterte Auflage. |
| 653 ## - INDEX TERM--UNCONTROLLED |
| keyword |
Теория переводов |
| 653 ## - INDEX TERM--UNCONTROLLED |
| keyword |
თარგმნის თეორია. |
| 942 ## - ADDED ENTRY ELEMENTS (KOHA) |
| Koha item type |
წიგნი |
| Source of classification or shelving scheme |
|